000 00471cam a2200193ua 4500
001 4011
005 20260515113753.0
008 111213n ii |||gr||||Z||||||asm
040 _cMAIN
082 _a891.4513
100 1 _aKhanikar, Binod Kumar,
245 1 1 _aSthalapadma
_cby Binod Kumar Khanikar
250 _a1st.
260 _aDuliajan:
_bGuna prava Khanikar,
_c2000.
300 _a111p:
_c23cm.
653 _aAssamese novel
653 _aSthalapadma
942 _cBK
999 _c3831
_d3831